Patanjali Charitam (Record no. 1266)

MARC details
000 -LEADER
fixed length control field 00273nam a22001097a 4500
008 - FIXED-LENGTH DATA ELEMENTS--GENERAL INFORMATION
fixed length control field 260422b |||||||| |||| 00| 0 eng d
100 ## - MAIN ENTRY--PERSONAL NAME
Personal name Vijaykumar, C J
245 ## - TITLE STATEMENT
Title Patanjali Charitam
260 ## - PUBLICATION, DISTRIBUTION, ETC.
Place of publication, distribution, etc. Delhi
Name of publisher, distributor, etc. New Bharatiya Book Corporation
Date of publication, distribution, etc. 2020
300 ## - PHYSICAL DESCRIPTION
Extent 81p
942 ## - ADDED ENTRY ELEMENTS (KOHA)
Source of classification or shelving scheme Dewey Decimal Classification
Holdings
Withdrawn status Lost status Source of classification or shelving scheme Damaged status Not for loan Home library Current library Shelving location Date acquired Source of acquisition Total Checkouts Barcode Date last seen Price effective from
    Dewey Decimal Classification     Karnataka Samskrit University Library Karnataka Samskrit University Library General Stacks 04/22/2026 Book Paradise   001252 04/22/2026 04/22/2026
    Dewey Decimal Classification     Karnataka Samskrit University Library Karnataka Samskrit University Library General Stacks 04/22/2026 Book Paradise   001253 04/22/2026 04/22/2026

Powered by Koha